Tilastot visalle Aasian Valtiot - Aakkosjärjestyksessä

Klikkaa tästä pelataksesi tätä visaa!

Yleistilastot

  • Tätä visaa on pelattu 266 kertaa
  • Keskiarvotulos 20 / 48

Vastaukset kartalla

Vastauksille on annettu kartalla punavihreä väri sen mukaan, kuinka moni on saanut sen oikein.
Ladataan ...
 

Vastaustilastot

Country% Oikein
Afganistan
97%
Armenia
96%
Azerbaidžan
90%
Bhutan
87%
Bangladesh
83%
Bahrain
82%
Brunei
82%
Georgia
67%
Indonesia
67%
Filippiinit
65%
Intia
65%
Etelä-Korea
64%
Iran
63%
Irak
62%
Israel
61%
Japani
56%
Jemen
54%
Itä-Timor
51%
Jordania
48%
Kiina
44%
Kirgisia
41%
Kambodža
40%
Kazakstan
40%
Kuwait
36%
Laos
36%
Oman
27%
Malesia
27%
Mongolia
27%
Libanon
26%
Pakistan
25%
Nepal
24%
Myanmar
23%
Kypros
22%
Malediivit
22%
Vietnam
22%
Qatar
21%
Yhdistyneet
arabiemiirikunnat
21%
Pohjois-Korea
18%
Saudi-Arabia
18%
Thaimaa
17%
Turkki
16%
Turkmenistan
16%
Singapore
15%
Taiwan
15%
Sri Lanka
15%
Tadžikistan
14%
Syyria
14%
Uzbekistan
12%

Tulosjakauma

Persentiili vastausten määrän mukaan

Jokaisen tuloksen saaneiden osuus

Tuloshistoriasi

Et ole pelannut tätä visaa